| 000 | 00645cam a22002291a 4500 | ||
|---|---|---|---|
| 001 | sa 68016638 | ||
| 003 | DLC | ||
| 005 | 20260227112656.0 | ||
| 008 | 820816s1962 io 000 0 ind | ||
| 010 | _asa 68016638 | ||
| 025 | _aPL480:Indo-7326 | ||
| 035 | _a(OCoLC)8692319 | ||
| 040 |
_aDLC _cOAU _dOCoLC _dDLC |
||
| 042 | _apremarc | ||
| 050 | 0 | 0 |
_aBL1456 _b.M316 |
| 100 | 1 | _aMahinda, A. | |
| 245 | 1 | 0 |
_aKebahagiaan dalam Buddha-Dharma / _cA. Mahinda ; saduran A. Sariputra. |
| 260 |
_aSurakarta : _bSwastika, _c1962. |
||
| 300 |
_a80 p. ; _c12 cm. |
||
| 500 | _aTranslation of Blueprint of happiness. | ||
| 650 | 0 |
_aBuddhism _xDoctrines. |
|
| 999 |
_c87224 _d87224 |
||